| 000 | 00410nam a2200145Ia 4500 | ||
|---|---|---|---|
| 008 | 231129s1995||||xx |||||||||||||| ||spa|| | ||
| 020 | _a968-13-2865-5 | ||
| 040 | _bspa | ||
| 082 | _a613.9432 H422m | ||
| 100 | _aHayman Suzie | ||
| 245 | 0 | _aEl manual del bienestar femenino: Haga de su salud un estado positivo | |
| 260 | _c1995 | ||
| 264 | _aDiana | ||
| 942 |
_2ddc _cBKS |
||
| 999 |
_c11630 _d11630 |
||